| 000 | 01727nam0a2200325 i 4500 | ||
|---|---|---|---|
| 001 | RU\NLR\BIBL_A\010831248 | ||
| 005 | 20260408210544.0 | ||
| 010 |
_a9785979307312 _941 |
||
| 021 |
_aRU _b2015-57372 _93396 |
||
| 035 | _a(NILC)RuMoRGB-007987518 | ||
| 035 | _a(NLR Aleph) 010831248 | ||
| 090 |
_a10289895 _c10289895 |
||
| 100 | _a20150910d2015 u y0rusy50 ca | ||
| 101 | 0 | _arus | |
| 102 | _aRU | ||
| 105 | _ay|||j|||000yy | ||
| 200 | 1 |
_aСодержание и формы итоговой государственной аттестации по направлению "Социальная работа" _eучебно-методическое пособие для студентов направления подготовки 39.03.02 Социальная работа _fТ.С. Базарова, И.Б. Буртонова _gМ-во образования и науки Рос. Федерации, Бурят. гос. ун-т |
|
| 210 |
_aУлан-Удэ _cИзд-во БГУ _d2015 |
||
| 215 |
_a59, [1] с. _d20 |
||
| 225 | 1 | _aСоциальная работа | |
| 320 | _aБиблиогр.: с. 36-47 | ||
| 606 |
_aВысшие учебные заведения _jУчебно-методические пособия _xФакультеты социальной работы _xВыпускники _xГосударственная аттестация _92257919 _3RU\NLR\AUTH\6601584009 |
||
| 686 | 1 | _aЧ489.112.85я7 | |
| 700 | 1 |
_aБазарова _bТ. С. _gТатьяна Содномовна |
|
| 701 | 1 |
_aБуртонова _bИ. Б. _gИрина Бабасановна |
|
| 801 | 0 |
_aRU _bРГБ _c20150730 _gRCR |
|
| 942 | _cBOOK | ||
| 980 | _aNBR | ||